| 000 | 00623nam a2200193Ia 4500 | ||
|---|---|---|---|
| 003 | GCL | ||
| 005 | 20240530102327.0 | ||
| 008 | 140319s9999 xx 000 0 ara d | ||
| 040 |
_aGCL / _cGCL |
||
| 082 | 0 | 4 |
_a415.1 _bا ت |
| 100 | 1 | _aابراهيم حسن ابراهيم | |
| 245 | 1 | 0 |
_aالترخيم فى العربية - معناه - اغراضه - انواعه / _cابراهيم حسن ابراهيم |
| 260 |
_a[ القاهرة ] : _bمطبعة حسان ، _c1984 |
||
| 300 |
_a72 ص ؛ _b24 سم |
||
| 650 | 0 | 4 | _aالنحو |
| 650 | 0 | 4 | _aاللغة العربية |
| 650 | 0 | 4 | _aالفاظ |
| 942 |
_2ddc _cBK |
||
| 999 |
_c31465 _d31465 |
||